<?xml version="1.0" encoding="UTF-8"?>
<collection xmlns="http://www.loc.gov/MARC21/slim">
 <record>
  <leader>01337nam a2200277   4500</leader>
  <controlfield tag="001">1/21466</controlfield>
  <controlfield tag="008">980427s1969    enk      e    001 0 eng  </controlfield>
  <datafield tag="035" ind1=" " ind2=" ">
   <subfield code="l">22124</subfield>
  </datafield>
  <datafield tag="040" ind1=" " ind2=" ">
   <subfield code="a">GR-PeUP</subfield>
  </datafield>
  <datafield tag="082" ind1="0" ind2="0">
   <subfield code="a">020.3 ΕN</subfield>
  </datafield>
  <datafield tag="090" ind1=" " ind2=" ">
   <subfield code="a">R 020.3 ΕN</subfield>
  </datafield>
  <datafield tag="245" ind1="0" ind2="0">
   <subfield code="a">Εncyclopedia of library and information science /</subfield>
   <subfield code="c">edited by AllenKent, Harold Lancour.</subfield>
  </datafield>
  <datafield tag="260" ind1=" " ind2=" ">
   <subfield code="a">New York:</subfield>
   <subfield code="b">Marcel Dekker,</subfield>
   <subfield code="c">[1969].</subfield>
  </datafield>
  <datafield tag="300" ind1=" " ind2=" ">
   <subfield code="a">7 τ. :</subfield>
   <subfield code="b">πιν. ;</subfield>
   <subfield code="c">24 εκ.</subfield>
  </datafield>
  <datafield tag="500" ind1=" " ind2=" ">
   <subfield code="a">Περιέχει ευρετήριο.</subfield>
  </datafield>
  <datafield tag="650" ind1=" " ind2="4">
   <subfield code="a">Libraries</subfield>
   <subfield code="x">Encyclopaedia.</subfield>
  </datafield>
  <datafield tag="650" ind1=" " ind2="4">
   <subfield code="a">Information Science</subfield>
   <subfield code="x">Encyclopaedia.</subfield>
  </datafield>
  <datafield tag="700" ind1="1" ind2=" ">
   <subfield code="a">Kent, Allen,</subfield>
   <subfield code="e">ed.</subfield>
  </datafield>
  <datafield tag="700" ind1="1" ind2=" ">
   <subfield code="a">Lancour, Harold,</subfield>
   <subfield code="e">ed.</subfield>
  </datafield>
  <datafield tag="852" ind1=" " ind2=" ">
   <subfield code="a">INST</subfield>
   <subfield code="b">UNIPILB</subfield>
   <subfield code="c">REF</subfield>
   <subfield code="e">20040709</subfield>
   <subfield code="h">020.3 ΕN</subfield>
   <subfield code="p">00115902</subfield>
   <subfield code="q">00115902</subfield>
   <subfield code="t">NOLOAN</subfield>
   <subfield code="v">v.2:</subfield>
   <subfield code="y">23</subfield>
   <subfield code="z">v.2</subfield>
   <subfield code="4">1</subfield>
  </datafield>
  <datafield tag="852" ind1=" " ind2=" ">
   <subfield code="a">INST</subfield>
   <subfield code="b">UNIPILB</subfield>
   <subfield code="c">REF</subfield>
   <subfield code="e">20040709</subfield>
   <subfield code="h">020.3 ΕN</subfield>
   <subfield code="p">00115903</subfield>
   <subfield code="q">00115903</subfield>
   <subfield code="t">NOLOAN</subfield>
   <subfield code="v">v.3:</subfield>
   <subfield code="y">23</subfield>
   <subfield code="z">v.3</subfield>
   <subfield code="4">1</subfield>
  </datafield>
  <datafield tag="852" ind1=" " ind2=" ">
   <subfield code="a">INST</subfield>
   <subfield code="b">UNIPILB</subfield>
   <subfield code="c">REF</subfield>
   <subfield code="e">20040709</subfield>
   <subfield code="h">020.3 ΕN</subfield>
   <subfield code="p">00115904</subfield>
   <subfield code="q">00115904</subfield>
   <subfield code="t">NOLOAN</subfield>
   <subfield code="v">v.4:</subfield>
   <subfield code="y">23</subfield>
   <subfield code="z">v.4</subfield>
   <subfield code="4">1</subfield>
  </datafield>
  <datafield tag="852" ind1=" " ind2=" ">
   <subfield code="a">INST</subfield>
   <subfield code="b">UNIPILB</subfield>
   <subfield code="c">REF</subfield>
   <subfield code="e">20040709</subfield>
   <subfield code="h">020.3 ΕN</subfield>
   <subfield code="p">00115905</subfield>
   <subfield code="q">00115905</subfield>
   <subfield code="t">NOLOAN</subfield>
   <subfield code="v">v.5:</subfield>
   <subfield code="y">23</subfield>
   <subfield code="z">v.5</subfield>
   <subfield code="4">1</subfield>
  </datafield>
  <datafield tag="852" ind1=" " ind2=" ">
   <subfield code="a">INST</subfield>
   <subfield code="b">UNIPILB</subfield>
   <subfield code="c">REF</subfield>
   <subfield code="e">20040709</subfield>
   <subfield code="h">020.3 ΕN</subfield>
   <subfield code="p">00115906</subfield>
   <subfield code="q">00115906</subfield>
   <subfield code="t">NOLOAN</subfield>
   <subfield code="v">v.6:</subfield>
   <subfield code="y">23</subfield>
   <subfield code="z">v.6</subfield>
   <subfield code="4">1</subfield>
  </datafield>
  <datafield tag="852" ind1=" " ind2=" ">
   <subfield code="a">INST</subfield>
   <subfield code="b">UNIPILB</subfield>
   <subfield code="c">REF</subfield>
   <subfield code="e">20040709</subfield>
   <subfield code="h">020.3 ΕN</subfield>
   <subfield code="p">00115907</subfield>
   <subfield code="q">00115907</subfield>
   <subfield code="t">NOLOAN</subfield>
   <subfield code="v">v.7:</subfield>
   <subfield code="y">23</subfield>
   <subfield code="z">v.7</subfield>
   <subfield code="4">1</subfield>
  </datafield>
  <datafield tag="852" ind1=" " ind2=" ">
   <subfield code="a">INST</subfield>
   <subfield code="b">UNIPILB</subfield>
   <subfield code="c">REF</subfield>
   <subfield code="e">20040709</subfield>
   <subfield code="h">020.3 ΕN</subfield>
   <subfield code="p">00115908</subfield>
   <subfield code="q">00115908</subfield>
   <subfield code="t">NOLOAN</subfield>
   <subfield code="v">v.8:</subfield>
   <subfield code="y">23</subfield>
   <subfield code="z">v.8</subfield>
   <subfield code="4">1</subfield>
  </datafield>
 </record>
</collection>
